000 00529nam a2200193Ia 4500
005 20250326145003.0
008 250326s9999 xx 000 0 und d
020 _a0-415-23039-X
037 _aTextbook
040 _aFMSL
_beng
_cFMSL
041 _aeng
_2eng
084 _aX3:51 P2
_qFMSL
100 _aVarey R J
_9750432
245 0 _aMarketing Communication: Principles and Practice
_cVarey R J
260 _aNY
_bNY, Routledge
_c2002
300 _a385p
942 _cTB
_hX3:51 P2
999 _c1305928
_d1305928